000 00476nam a22001937a 4500
003 CEME
005 20210628203323.0
008 210127b xxu||||| |||| 00| 0 eng d
020 _a9814-12-659-4
040 _c.
082 _a531.1133 PAI
100 _aPain, H.J
_964698
245 _aThe physics of vibrations and waves
250 _a5TH
260 _aNEW YORK
_bJOHN WILEY & SONS
_c2003
300 _aXV,559P
650 _aVIBRATION, WAVES
_964699
942 _cBK
_2ddc
999 _c573115
_d573115